000 00930cam a22002294a 4500
001 ltf91052755
003 DLC
005 20260227111553.0
008 910517s1869 ii 000 0 tam
010 _altf91052755
040 _aDLC
_cDLC
_dDLC
041 0 _atam
_afren
050 0 0 _aPL4758.9.C349
_bR33 1869
100 0 _aCavarāyalu Nāyakar,
_d1829-1911.
245 1 0 _aRecueil de chants tamouls /
_cpar Z. Savarayalounaiker ; précédé de divers extraits, certificats, notes, etc. en français, et de morceaux de poésie ou vers tamouls composés par divers poetes, le tout concernant Z. Savarayalounaiker par Solé Appassamymoudeliar.
246 1 5 _aPāṭar̲r̲iraṭṭu
260 _aPondichery :
_bA. Saligny, Impr.,
_c1869.
300 _a1 v. (various pagings) ;
_c24 cm.
650 0 _aTamil poetry
_y19th century.
600 0 0 _aCavarāyalu Nāyakar,
_d1829-1911
_vPoetry.
700 1 _aAppācāmi Mutaliyār, Cōlai.
999 _c37616
_d37616